01396nam a2200373 i 450000100060000000300090000600500170001500800390003201500170007102000150008804000280010304600090013108000150014008000150015508000120017010000410018224502000022326000340042330000260045733600270048333700540051033800280056438000160059238800140060838800140062265000220063665000340065865500130069265800340070570000420073970000460078171000970082785600980092431656KOSZ 00520220913112549.0980713s1996 pl f |000 0 pol aPB 1997/3576 a8387038083 aWA NcWA NdKOSZ 005/HR k1996 a658.14/.17 a657.62/.63 a(083.1)1 aCzubakowska, Kseniad(1946- )eAutor10aPolityka bilansowa i sprawozdawczość finansowa w zarządzaniu firmą :bpraca zbiorowa /cpod red. Kazimierza Sawickiego ; [aut. rozdz. Ksenia Czubakowska, Teresa Kiziukiewicz, K. Sawicki]. aWrocław :b"Ekspert",c1996. a146, [2] s. ;c24 cm. 2rdacontentaTekstbtxt 2rdamediaaBez urządzenia pośredniczącegobn 2rdacarrieraWoluminbnc aKsiążki a1901-2000 a1989-2000 4aBilans księgowy 4aSprawozdawczość finansowa 4aPoradnik aGospodarka, ekonomia, finanse1 aKiziukiewicz, Teresad(1947- )eAutor1 aSawicki, Kazimierzd(1926-2021)eRedakcja2 a Ekspert Wydawnictwo i Doradztwo z Zakresu Rachunkowości i Finansów, Marian Pałka4pbl. uhttp://koha.tu.koszalin.pl/cgi-bin/koha/opac-detail.pl?biblionumber=31365yKatalog online BPK